000 00291nam a2200109Ia 4500
008 200302s9999 xx 000 0 und d
100 _aAndrew Pressman
245 _aDesigning Architecture the Elements of Process
260 _bRoutledge Taylor & Francis Group
260 _c2012
300 _a205
999 _c3311
_d3311